Estudios de caminos
Gardado en:
| Autor Principal: | |
|---|---|
| Formato: | Libro |
| Idioma: | Lingua castelá |
| Publicado: |
Santiago
Universitaria
1966
|
| Subjects: | |
| Tags: |
Engadir etiqueta
Sen Etiquetas, Sexa o primeiro en etiquetar este rexistro!
|
MARC
| LEADER | 00000nam a2200000 a 4500 | ||
|---|---|---|---|
| 001 | UCU6298 | ||
| 003 | CL-VaPUC | ||
| 008 | 960614e19660000CL |||||||||||||||||spa|d | ||
| 082 | 0 | 4 | |a 625.7 |b OYA |2 21 |
| 100 | |a Oyarzún Day, Florencio |e autor |9 364499 | ||
| 245 | 1 | 0 | |a Estudios de caminos |
| 300 | |a 102 p | ||
| 942 | |c BK | ||
| 945 | |d 19960614 00:00:00 |a paguirre | ||
| 260 | |a Santiago |b Universitaria |c 1966 | ||
| 650 | 0 | |a Carreteras |9 260132 | |
| 650 | 7 | |a CALLES |2 CL-VaPUC |9 364295 | |
| 650 | 0 | |a Construcción de carreteras |9 260999 | |
| 650 | 0 | |a Suelos |9 260322 | |
| 650 | 7 | |a RED DE CARRETERAS |2 CL-VaPUC |9 354586 | |
| 650 | 7 | |a TRAFICO POR CARRETERA |2 CL-VaPUC |9 357766 | |
| 583 | |a last modification |c 19960614 00:00:00 |k Rodrigo Vera | ||
| 999 | |c 249294 |d 249292 | ||